Biggest Cities in Countries with less than 10 Million - Statistics

General Stats
  • This quiz has been taken 221 times
  • The average score is 12 of 20
Answer Stats
Population Continent City % Correct
5,607,300 Asia Singapore
89%
1,415,550 Oceania Auckland
77%
1,867,582 Europe Vienna
75%
1,759,407 Europe Budapest
74%
1,295,686 Europe Copenhagen
71%
1,304,687 S. America Montevideo
70%
2,400,000 Asia Kuwait City
67%
1,974,819 Europe Minsk
66%
1,236,047 Europe Sofia
66%
1,166,763 Europe Belgrade
65%
1,229,100 Asia Baku
60%
1,033,622 N. America Managua
60%
1,415,300 N. America San José
60%
1,075,800 Asia Yerevan
55%
1,062,282 Asia Tbilisi
52%
1,812,059 Asia Amman
46%
1,144,954 Asia Ulan Bator
37%
1,859,800 Africa Lomé
33%
1,055,964 Africa Freetown
30%
1,373,882 Africa Brazzaville
23%
No matching quizzes found
Score Distribution
Percent of People with Each Score
Percentile by Number Answered
Your Score History
You have not taken this quiz